header

The tempest (Record no. 147702)

MARC details
000 -LEADER
fixed length control field 01633nam a2200421Ia 4500
082 04 - DEWEY DECIMAL CLASSIFICATION NUMBER
Classification number 822.3/3
100 1# - MAIN ENTRY--AUTHOR NAME
Personal name Shakespeare, William,
245 14 - TITLE STATEMENT
Title The tempest
260 ## - PUBLICATION, DISTRIBUTION, ETC. (IMPRINT)
Place of publication New Haven :
Name of publisher Yale University Press,
Year of publication c2006.
300 ## - PHYSICAL DESCRIPTION
Number of Pages xxxiv, 157 p.
490 1# - SERIES STATEMENT
Series statement The annotated Shakespeare
650 #0 - SUBJECT ADDED ENTRY--TOPICAL TERM
Topical Term Fathers and daughters
Topical Term Islands
Topical Term Magicians
Topical Term Political refugees
Topical Term Shipwreck victims
Topical Term Spirits
700 1# - ADDED ENTRY--PERSONAL NAME
Personal name Bloom, Harold.
Personal name Raffel, Burton.
856 40 - ELECTRONIC LOCATION AND ACCESS
Uniform Resource Identifier http://site.ebrary.com/lib/rucke/Doc?id=10190743

No items available.

© 2026 Rongo University
Contact us: librarian | system librarian | Rongo university